LEADER 05511nam 2201081 a 450 001 9910780637203321 005 20230904142252.0 010 $a1-282-35612-7 010 $a9786612356124 010 $a0-520-91620-4 024 7 $a10.1525/9780520916203 035 $a(CKB)2430000000010899 035 $a(EBL)837255 035 $a(OCoLC)773564988 035 $a(SSID)ssj0000291502 035 $a(PQKBManifestationID)11213930 035 $a(PQKBTitleCode)TC0000291502 035 $a(PQKBWorkID)10249601 035 $a(PQKB)10433802 035 $a(MiAaPQ)EBC837255 035 $a(MdBmJHUP)muse30836 035 $a(DE-B1597)519545 035 $a(DE-B1597)9780520916203 035 $a(Au-PeEL)EBL837255 035 $a(CaPaEBR)ebr10676217 035 $a(CaONFJC)MIL235612 035 $a(EXLCZ)992430000000010899 100 $a20080530d2008 uy 0 101 0 $aeng 135 $aur|n|---||||| 181 $ctxt 182 $cc 183 $acr 200 10$aChinese religiosities$b[electronic resource] $eafflictions of modernity and state formation /$fedited by Mayfair Mei-hui Yang 210 $aBerkeley $cUniversity of California Press$dc2008 215 $a1 online resource (473 p.) 225 1 $aGlobal, area, and international archive 300 $a"Most of the essays in this volume were first presented at the International Conference on Religion, Modernity, and the State in China and Taiwan, held at the University of California, Santa Barbara, October 28-20, 2005"--P. vii. 311 $a0-520-09864-1 320 $aIncludes bibliographical references (p. 377-435) and index. 327 $aPt. I. Religious approaches to citizenship : the traffic between religious orders and the secular national order -- 1. Religion and citizenship in China and the diaspora / Prasenjit Duara -- 2. Redeploying Confucius : the imperial state dreams of the nation, 1902-1911 / Ya-pei Kuo -- Pt. II. State discourse and the transformation of religious communities -- 3. Ritual competition and the modernizing nation-state / Rebecca Nedostup -- 4. Heretical doctrines, reactionary secret societies, evil cults : labeling heterodoxy in twentieth-century China / David A. Palmer -- 5. Animal spirits, karmic retribution, Falungong, and the state / Benjamin Penny -- 6. Christianity and "adaptation to socialism" / Ryan Dunch -- 7. Islam and modernity in China : secularization or separatism? / Dru C. Gladney -- Pt. III. The reinvention and control of religious institutions -- 8. Republican church engineering : the national religious associations in 1912 China / Vincent Goossaert -- 9. Secularization as religious restructuring : statist institutionalization of Chinese Buddhism and its paradoxes / Ji Zhe -- 10. State control of Tibetan Buddhist monasticism in the People's Republic of China / Jose? Ignacio Cabezo?n -- Pt. IV. Taiwan and transnational Chinese religiosity -- 11. Religious renaissance and Taiwan's modern middle classes / Richard Madsen -- 12. Goddess across the Taiwan Strait : matrifocal ritual space, nation-state, and satellite television footprints / Mayfair Mei-hui Yang. 330 $aThe long twentieth century in China and Taiwan has seen both a dramatic process of state-driven secularization and modernization and a vigorous revival of contemporary religious life. Chinese Religiosities explores the often vexed relationship between the modern Chinese state and religious practice. The essays in this comprehensive, multidisciplinary collection cover a wide range of traditions, including Buddhism, Daoism, Islam, Confucianism, Protestantism, Falungong, popular religion, and redemptive societies.Contributors: José Cabezón, Prasenjit Duara, Ryan Dunch, Dru C. Gladney, Vincent Goossaert, Ji Zhe, Ya-pei Kuo, Richard Madsen, Rebecca Nedostup, David Palmer, Benjamin Penny, Mayfair Mei-hui Yang 410 0$aGlobal, area, and international archive. 606 $aReligion and state$zChina$xHistory$y20th century 607 $aChina$xReligion$y20th century 607 $aChina$xCivilization$y20th century 610 $aanimal spirits. 610 $abuddhism. 610 $achina. 610 $achinese culture. 610 $achinese history. 610 $achinese religion. 610 $achristianity. 610 $acitizenship. 610 $acolonialism. 610 $acommunism. 610 $acommunist party. 610 $aconfucius. 610 $acults. 610 $adiaspora. 610 $afalun gong. 610 $afolk belief. 610 $aislam. 610 $akarma. 610 $amonasticism. 610 $amonk. 610 $anation state. 610 $anation. 610 $anational identity. 610 $anonfiction. 610 $apolitics. 610 $apopular religion. 610 $areligion. 610 $areligious belief. 610 $areligious practice. 610 $areligious tradition. 610 $aritual. 610 $asecret societies. 610 $asecularism. 610 $asocialism. 610 $ataiwan. 610 $atibet. 615 0$aReligion and state$xHistory 676 $a200.951/0904 701 $aYang$b Mayfair Mei-hui$0644106 712 12$aInternational Conference on Religion, Modernity, and the State in China and Taiwan 801 0$bMiAaPQ 801 1$bMiAaPQ 801 2$bMiAaPQ 906 $aBOOK 912 $a9910780637203321 996 $aChinese religiosities$93840550 997 $aUNINA LEADER 02936oam 2200745 c 450 001 9910966717003321 005 20260302090207.0 010 $a9783846765951 010 $a3846765953 024 3 $a9783846765951 035 $a(CKB)5450000000037708 035 $a(MiAaPQ)EBC6554275 035 $a(Au-PeEL)EBL6554275 035 $a(OCoLC)1247663626 035 $a(Brill | Fink)9783846765951 035 $a(EXLCZ)995450000000037708 100 $a20260302d2021 uy 0 101 0 $ager 135 $aurcnu|||||||| 181 $ctxt$2rdacontent 182 $cc$2rdamedia 183 $acr$2rdacarrier 200 10$aRaumtexte$eGeorges Perec und die Räumlichkeit der Literatur$fJulia Dettke 205 $a1st ed. 210 $aPaderborn$cBrill | Fink$d2021 215 $a1 online resource (341 pages) 311 08$a9783770565955 311 08$a3770565959 320 $aIncludes bibliographical references and index. 330 $aWas bedeutet eigentlich literarische Räumlichkeit? Julia Dettke entwickelt Analysekategorien, um zu beschreiben, wie es Texten gelingt, sich als von den Lesenden begehbare Räume zu inszenieren. Im Zuge des spatial turn sind eine ganze Reihe von Untersuchungen zu Literatur und Raum erschienen; die spezifisch literarische Räumlichkeit ist dabei aber ein weithin blinder Fleck geblieben. Anhand zahlreicher literaturgeschichtlicher Beispiele und in Detailuntersuchungen von Georges Perecs Espèces d?espaces (1974) und La Vie mode d?emploi (1978), die auch bislang unveröffentlichte Typoskripte aus dem Nachlass des Autors einbeziehen, unterscheidet die Studie drei Ebenen des poetologisch-selbstreflexiven Bezugs von Texten auf Räume: Paratext, Schrift und Seitenraum sowie narrative Transgressionen. Sie stellt somit auch ein Begriffswerkzeug bereit, das über die französische Avantgardeliteratur hinaus herausarbeitet, wie durch Räumlichkeit die literarische Form neu verhandelt wird. 606 $aOulipo 606 $aRaum 606 $aSelbstreflexivität 606 $anouveau roman 606 $aSchriftbildlichkeit 606 $aSeitenraum 606 $aBegrenzung 606 $aAvantgarde 606 $aExperimentelle Literatur 606 $aspace 606 $aparatexts 606 $aboundaries 606 $aself-reflexivity 615 4$aOulipo 615 4$aRaum 615 4$aSelbstreflexivität 615 4$anouveau roman 615 4$aSchriftbildlichkeit 615 4$aSeitenraum 615 4$aBegrenzung 615 4$aAvantgarde 615 4$aExperimentelle Literatur 615 4$aspace 615 4$aparatexts 615 4$aboundaries 615 4$aself-reflexivity 676 $a848.91409 700 $aDettke$b Julia$4aut$01779278 801 0$bMiAaPQ 801 1$bMiAaPQ 801 2$bMiAaPQ 906 $aBOOK 912 $a9910966717003321 996 $aRaumtexte$94302591 997 $aUNINA